000 00444cam a2200193ua 4500
001 8862
005 20260515114406.0
008 150216n ii |||gr||||Z||||||eng
040 _cMAIN
041 _aeng
082 _a822
100 _aVarshney, R. L.,
_eEditor.
245 1 _aWaiting for godot
_cEdited by R. L. Varshney
250 _a1st.
260 _aAgra:
_bLakshmi,
_c2001.
300 _a236p.
653 _aEnglish drama
942 _cBK
999 _c7950
_d7950